Practical horticulture (Record no. 42657)

MARC details
000 -LEADER
fixed length control field 00370nam a2200145Ia 4500
020 ## - INTERNATIONAL STANDARD BOOK NUMBER
ISBN 0132606887
082 ## - DEWEY DECIMAL CLASSIFICATION NUMBER
Classification number 634
Item number RIC
100 ## - MAIN ENTRY--AUTHOR NAME
Personal name Rice, Laura Williams
245 #0 - TITLE STATEMENT
Title Practical horticulture
260 ## - PUBLICATION, DISTRIBUTION, ETC. (IMPRINT)
Place of publication New Jersey
Name of publisher Prentice Hall
Year of publication 1997
650 ## - SUBJECT ADDED ENTRY--TOPICAL TERM
Topical Term Landscape planning
700 ## - ADDED ENTRY--PERSONAL NAME
Personal name Rice, Robert P
942 ## - ADDED ENTRY ELEMENTS (KOHA)
Koha item type Books
Holdings
Withdrawn status Lost status Damaged status Not for loan Home library Current library Date acquired Cost, normal purchase price Full call number Accession Number Koha item type
        RRII Library RRII Library 16/12/2021 2000.00 634 RIC 22925 Books